000 00326nam a22001457a 4500
003 OSt
008 240429b |||||||| |||| 00| 0 eng d
020 _a9780578973838
100 _aHUO,Kevin
245 _aAce The Data Science Interview
260 _a-
_b-
_c2021
300 _a290
700 _aSingh,Nick
942 _2ddc
_cREF
999 _c12580
_d12580